| 000 | 01044nam0a22002651 4500 | ||
|---|---|---|---|
| 001 | rc\3372018 | ||
| 005 | 20130115153321.3 | ||
| 021 |
_aRU _bРг14548-73 |
||
| 035 | _a(NLR Aleph) 007447637 | ||
| 090 |
_a7182425 _c7182425 |
||
| 100 | _a20130115d1973 |||y0rusy50 ca | ||
| 101 | 0 | _arus | |
| 102 | _aRU | ||
| 105 | _ay z ||||| | ||
| 200 | 1 |
_aЛенинское учение о партии - крупнейший вклад в сокровищницу революционного марксизма _e(Лекция) _eРек. список литературы _fВсесоюз. о-во "Знание". Науч.-метод. кабинет |
|
| 210 |
_aМосква _cБ. и. _d1973 |
||
| 215 |
_a6 с. _d20 |
||
| 300 | _aНа обороте тит. л. сост.: Е.Г. Шумакова | ||
| 702 | 1 |
_aШумакова _bЕ. Г. _4220 |
|
| 712 | 0 | 2 |
_a"Знание", всесоюзное общество _3RU\NLR\AUTH\889961278 |
| 801 | 0 |
_aRU _bNLR _gpsbo |
|
| 801 | 1 |
_aRU _bELAR _2rusmarc |
|
| 852 |
_aNLR _j70/Ш96 |
||
| 942 | _cBOOK | ||
| 980 | _aNB | ||